000 00570nam a2200145Ia 4500
008 250103s2024 xx 000 0 und d
020 _a978-3-031-52513-1
022 _a2194-8453
041 _aeng
100 _aAlexander Olsen
245 _aShip Operations in Extreme Low Temperature Environments
260 _bSpringer Nature Switzerland
_c2024
440 _vSpringer Series on Naval Architecture, Marine Engineering, Shipbuilding and Shipping
856 _uhttps://link.springer.com/openurl?genre=book&isbn=978-3-031-52513-1
_zhttps://doi.org/10.1007/978-3-031-52513-1
999 _c12754
_d12754